Probability theory on boolean algebras of events /

Guardado en:
Autor Principal: Onicescu, Octav, 1892-1983.
Otros Autores: Cuculescu, I.
Formato: Libro
Idioma:English
Publicado: Bucuresti : Editura Academiei Republicii Socialiste România, 1976.
Materias:
Etiquetas: Agregar Etiqueta
Sin Etiquetas, Sea el primero en etiquetar este registro!
LEADER 00716nam a2200217 a 4500
001 MAT.inmabb004497
008 771104s1976####rm#######b####000#0#eng##
005 20151117174845.0
245 1 0 |a Probability theory on boolean algebras of events /  |c O. Onicescu and I. Cuculescu. 
260 |a Bucuresti :  |b Editura Academiei Republicii Socialiste România,  |c 1976. 
300 |a 185 p. ;  |c 25 cm. 
504 |a Bibliografía: p. 184-185. 
510 4 |a MR,  |c 56 #6775 
100 1 |a Onicescu, Octav,  |d 1892-1983. 
700 1 |a Cuculescu, I. 
650 0 |a Probabilities. 
650 0 |a Algebra, Boolean. 
084 |a 60A05 (28A60)  |2 msc2000 
010 |a  77369648  
040 |a DLC  |c DLC  |d DLC 
859 |h 60  |i On58p  |p A-4393  |b BIB. MATEMATICA